Ganga / (Record no. 24477)
[ view plain ]
| 000 -LEADER | |
|---|---|
| fixed length control field | 02081nam a2200313 a 4500 |
| 005 - DATE AND TIME OF LATEST TRANSACTION | |
| control field | 20080728145840.0 |
| 008 - FIXED-LENGTH DATA ELEMENTS--GENERAL INFORMATION | |
| fixed length control field | 070425s2008 nyu | 00| 0 eng |
| 010 ## - LCCN (DPL NO) | |
| LC control number | ENG-101689 B-425233-238 |
| 020 ## - INTERNATIONAL STANDARD BOOK NUMBER | |
| International Standard Book Number | 9788184000030 |
| Terms of availability | 450.00 |
| 035 ## - SYSTEM CONTROL NUMBER | |
| System control number | EN-85222 B-425233-238 |
| 037 ## - SOURCE OF ACQUISITION | |
| Source of stock number/acquisition | DBAD/PUB |
| 037 ## - SOURCE OF ACQUISITION | |
| Source of stock number/acquisition | RBC/ VEN |
| 040 ## - CATALOGING SOURCE | |
| Original cataloging agency | dpl |
| Language of cataloging | English |
| 082 ## - DEWEY DECIMAL CLASSIFICATION NUMBER | |
| Classification number | 915.41 |
| 100 ## - MAIN ENTRY--PERSONAL NAME | |
| Personal name | Hollick,Julian Crandall |
| 9 (RLIN) | 23234 |
| 245 ## - TITLE STATEMENT | |
| Title | Ganga / |
| Remainder of title | by Julian Crandall Hollick |
| 260 ## - PUBLICATION, DISTRIBUTION, ETC. (IMPRINT) | |
| Place of publication, distribution, etc | New Delhi |
| Name of publisher, distributor, etc | Random House Publishers |
| Date of publication, distribution, etc | 2007. |
| 270 ## - ADDRESS | |
| Address | 301 World Trade Tower,Barakhamba Lane |
| City | New Delhi |
| Postal code | 110001 |
| Electronic mail address | @randomhouse.co.in |
| 300 ## - PHYSICAL DESCRIPTION | |
| Extent | 279p. |
| Dimensions | 22cm.(Hb) |
| 942 ## - ADDED ENTRY ELEMENTS (KOHA) | |
| Source of classification or shelving scheme | Dewey Decimal Classification |
| Item type | English Books |
| Classification part | 915.41 |
| Call number suffix | HOL |
| Withdrawn status | Lost status | Source of classification or shelving scheme | Damaged status | Not for loan | Collection code | Home library | Current library | Date acquired | Source of acquisition | Cost, normal purchase price | Total Checkouts | Full call number | Barcode | Date last seen | Copy number | Cost, replacement price | Koha item type | Total Renewals |
|---|---|---|---|---|---|---|---|---|---|---|---|---|---|---|---|---|---|---|
| Dewey Decimal Classification | Non-fiction | Central Library | Central Library | 25/04/2011 | RBC/22493/23.3.11/76/4.3.11/25.3.11 | 450.00 | 1 | 915.41 HOL | B-425233 | 28/03/2018 | 2 | 450.00 | English Books | |||||
| Dewey Decimal Classification | Non-fiction | Central Library | Central Library | 25/04/2011 | RBC/22493/23.3.11/76/4.3.11/25.3.11 | 450.00 | 4 | 915.41 HOL | B-425234 | 01/02/2023 | 2 | 450.00 | English Books | 1 | ||||
| Dewey Decimal Classification | Not For Loan | Non-fiction | D.B.Act.Division | D.B.Act.Division | 09/10/2010 | DBAd/PUB | 450.00 | 915.41 GAN | EN-85222 | 09/10/2010 | 1 | 450.00 | English Books | |||||
| Dewey Decimal Classification | Non-fiction | Karol Bagh | Karol Bagh | 25/04/2011 | RBC/22493/23.3.11/76/4.3.11/25.3.11 | 450.00 | 915.41 HOL | B-425237 | 25/04/2011 | 1 | 450.00 | English Books | ||||||
| Dewey Decimal Classification | Non-fiction | Patel Nagar | Patel Nagar | 25/04/2011 | RBC/22493/23.3.11/76/4.3.11/25.3.11 | 450.00 | 3 | 915.41 HOL | B-425235 | 27/12/2019 | 1 | 450.00 | English Books | |||||
| Dewey Decimal Classification | Non-fiction | Sarojini Nagar | Sarojini Nagar | 25/04/2011 | RBC/22493/23.3.11/76/4.3.11/25.3.11 | 450.00 | 1 | 915.41 HOL | B-425236 | 11/08/2019 | 1 | 450.00 | English Books | 2 | ||||
| Dewey Decimal Classification | Non-fiction | Shahdara Branch | Shahdara Branch | 25/04/2011 | RBC/22493/23.3.11/76/4.3.11/25.3.11 | 450.00 | 1 | 915.41 HOL | B-425238 | 22/05/2025 | 1 | 450.00 | English Books |
